Vista normal
Vista MARC
Entrada Nombre personal
Número de registros utilizados en: 16
001 - NÚMERO DE CONTROL
- Campo de control: 13075
003 - IDENTIFICADOR DE NÚMERO DE CONTROL
- Campo de control: ES-MaCES
005 - FECHA Y HORA DE LA ULTIMA MODIFICACION
- Campo de control: 20170215114105.0
008 - ELEMENTOS DE DATOS DE LONGITUD FIJA
- Campo de longitud fija: 981123 | azznnaabn |n aaa d
035 ## - NÚMERO DE CONTROL DEL SISTEMA
- Número de control del sistema: CES19980017929n
040 ## - FUENTE DE LA CATALOGACIÓN
- Agencia original de catalogación: ES-MaCES
- Idioma de catalogación: spa
- Agencia de transcripción: ES-MaCES
100 1# - ENCABEZAMIENTO--NOMBRE DE PERSONA
- Nombre personal: García Serrano, Carlos
400 ## - TRAZADO VEÁSE--NOMBRE DE PERSONA
- Nombre personal: García-Serrano, Carlos
901 ## - CES. DATOS SIRTEX
- ID Sirtex (N5N8): 0001500001792
- 005BIS Sirtex: 199811231649MIG

